| 000 | 00698nam a2200229 u 4500 | ||
|---|---|---|---|
| 005 | 20250221063813.0 | ||
| 008 | 090630s2007 ag r 000 0 spa d | ||
| 020 | _a950892280X (10 dígitos) | ||
| 020 | _a9789508922809 (13 dígitos) | ||
| 035 | _aUPN01000171548 | ||
| 049 | _aCG | ||
| 050 | 4 |
_aHQ755.85 _bR6.3 |
|
| 100 | 1 |
_aRotenberg, Eva _939682 |
|
| 245 | 1 | 0 |
_aHijos difíciles, padres desorientados : _bpadres difíciles, hijos desorientados / _cEva Rotenberg. |
| 260 |
_aBuenos Aires : _bLugar, _cc2007. |
||
| 300 | _a286 p. | ||
| 650 | 0 |
_aRelación padres-hijos _91359 |
|
| 650 | 4 |
_aCrianza de niños _96222 |
|
| 650 | 4 |
_aPadres e hijos _91360 |
|
| 905 | _aLibro | ||
| 999 |
_c143653 _d143653 |
||